Economic viability of freshwater aquaculture in tropical lesser developed countries

This report summarizes a more comprehensive economic evaluation of aquaculture as a foreign assistance development activity.

Saved in:
Bibliographic Details
Corporate Author: International center for Aquaculture
Format: Book
Language:Undetermined
Published: Alabama International center for Aquaculture 1991
Subjects:
Tags: Add Tag
No Tags, Be the first to tag this record!
Institutions: Trung tâm Học liệu Trường Đại học Cần Thơ
LEADER 00868nam a2200205Ia 4500
001 CTU_149804
008 210402s9999 xx 000 0 und d
082 |a 338.372 
082 |b I.61 
110 |a International center for Aquaculture 
245 0 |a Economic viability of freshwater aquaculture in tropical lesser developed countries 
245 0 |c International center for Aquaculture 
260 |a Alabama 
260 |b International center for Aquaculture 
260 |c 1991 
520 |a This report summarizes a more comprehensive economic evaluation of aquaculture as a foreign assistance development activity. 
650 |a Fishery management,Fish culture,Freshwater fishes,Quản lý nghề cá 
650 |z Developing countries,Developing countries,Developing countries 
904 |i Năm 
980 |a Trung tâm Học liệu Trường Đại học Cần Thơ